000 01209nam a2200229Ia 4500
003 Ost
005 20260507075251.0
008 260507s9999||||xx |||||||||||||| ||und||
040 _cfsecg
041 _aara
082 _a330
100 _aالبنا، بشير عبد الحفيظ
_eمؤلف
245 0 _aالأسس العلمية و العملية في المحاسبة الحكومية :
_bدراسة نظرية و تطبيقية /
_c بشير عبد الحفيظ البنا
260 _aعمان:
_bدار اليازوري,
_c2011
300 _a336 صفحة؛
_c24 سم
504 _aمراجع ص.333
520 _aالاطار النظري للمحاسبة الحكومية ، نظام المحاسبة الحكومية في جمهورية مصر العربية ، مفهوم و طبيعة الموازنة العامة للدولة و الموازنة العامة للدولة في جمهورية مصر العربية و أخيرا مدخل مقترح لتطوير الموازنة العامة في الدول النامية .
653 _aالمحاسبة الحكومية
653 _aالميزانية
653 _aتدقيق الحسابات الحكومية
942 _cكتاب
999 _c43691
_d43691